| 000 | 00970cam a22002891i 4500 | ||
|---|---|---|---|
| 001 | 1693020 | ||
| 003 | EG-ScBUE | ||
| 005 | 20240702092336.0 | ||
| 008 | 730208s1955 nyu f 001 0a1ng eng d | ||
| 040 |
_aDLC _beng _erda _cDLC _dDLC _dEG-ScBUE |
||
| 043 | _an-us--- | ||
| 082 | 0 | 4 |
_a973.918 _222 _bTRU |
| 100 | 1 |
_aTruman, Harry S., _d1884-1972, _eauthor. _910164 |
|
| 245 | 1 | 0 |
_aMemoirs / _cby Harry S. Truman. |
| 264 | 1 |
_aGarden City, N.Y. : _bDoubleday & Company, INC., _c1955. |
|
| 300 |
_axi, 596 pages ; _c22 cm |
||
| 336 |
_2rdacontent _atext _btxt |
||
| 337 |
_aunmediated _2rdamedia _bn |
||
| 338 |
_avolume _bnc _2rdacarrier |
||
| 500 | _aIncludes index. | ||
| 600 | 1 | 7 |
_aTruman, Harry S., _d1884-1972. _2BUEsh _910165 |
| 650 | 7 |
_aPresidents _zUnited States _xBiography. _2BUEsh _910166 |
|
| 651 | 7 |
_aUnited States _xPolitics and government _y1945-1953. _2BUEsh _910167 |
|
| 655 | _vReading book | ||
| 942 |
_2ddc _cBB |
||
| 999 |
_c13085 _d13085 |
||